| 000 | 01880nam a2200337 a 4500 | ||
|---|---|---|---|
| 001 | 000030264 | ||
| 003 | DO-SdBNP | ||
| 005 | 20241031130250.0 | ||
| 007 | ta | ||
| 008 | 110505s2010 dr ||r|||||||p|| III||| | ||
| 040 |
_aDO-SdBPM _bspa _cBPMSU _erda |
||
| 082 | 4 |
_a304.66 _bP438s 2010 _222 |
|
| 110 | 2 |
_aRepública Dominicana. _bOficina Nacional de Estadística |
|
| 245 | 1 | 0 |
_aPerfiles sociodemográficos provinciales : _bRegión Este / _cPresentación, Pablo Tactuk. |
| 264 |
_aSanto Domingo : _bOficina Nacional de Estadística (ONE), _c2010 |
||
| 300 |
_a104 páginas : _b ilustraciones, mapas, gráficos, tabla, (algunas col.). _c28 cm. |
||
| 306 | _a | ||
| 336 |
_atexto _btxt _2rdacontent |
||
| 337 |
_asin mediación _bn _2rdamedia |
||
| 338 |
_avolumen _bnc _0rdacarrier |
||
| 500 | _aIncluye referencias bibliográficas y notas al pie de las páginas. | ||
| 500 | _aInformación estadísticas e indicadores sobre la situación demográfica, social y económica desagregadas a nivel provincial | ||
| 505 | 0 | _aPresentación 7 -- El Seibo 9 -- Hato Mayor 27 -- La Altagracia 41 -- La Romana 57 -- Monte Plata 73 -- San Pedro de Macorís 89 | |
| 520 | _aLa Oficina Nacional de Estadística (ONE) presenta una recopilación de las informaciones estadísticas de fuentes disponibles de cada una de las 32 provincias de la República Dominicana. Su aporte consiste en recoger, de manera atractiva y gráfica, una serie de informaciones relevantes presentadas tanto en valores absolutos como en porcentajes e indicadores | ||
| 590 | _aInventariado 2024 / VM | ||
| 650 | 4 |
_aIndicadores sociales _zRegión Este (República Dominicana: provincia ) _vEstadística |
|
| 651 | 4 |
_aRegión Este (República Dominicana : provincias ) _xEstadísticas demográficas |
|
| 700 | 1 |
_aTactuk, Pablo _epresidente |
|
| 910 | _a VMateo V. Control de calidad. BPMSU | ||
| 942 |
_2ddc _cBK |
||
| 999 |
_c14841 _d14841 |
||